Statistiques concernant Vainqueurs de la Coupe du monde de football

Cliquez ici pour prendre le quiz!

Statistiques générales

  • Ce quiz a été pris 254 612 fois
    (200 068 depuis la dernière actualisation)
  • Le résultat moyen est 12 sur 22

Statistiques - réponses

AnnéePays hôte(s)Vainqueur% Correct
2022QatarArgentine
99%
2018RussieFrance
99%
2014BrésilAllemagne
94%
1998FranceFrance
90%
2010Afrique du SudEspagne
86%
2006AllemagneItalie
83%
2002Japon et Corée du SudBrésil
81%
1994Etats-UnisBrésil
76%
1990ItalieAllemagne de l'Ouest
62%
1986MexiqueArgentine
52%
1982EspagneItalie
42%
1930UruguayUruguay
40%
1978ArgentineArgentine
39%
1970MexiqueBrésil
39%
1974Allemagne de l'OuestAllemagne de l'Ouest
38%
1962ChiliBrésil
35%
1966AngleterreAngleterre
33%
1958SuèdeBrésil
33%
1934ItalieItalie
24%
1954SuisseAllemagne de l'Ouest
21%
1938FranceItalie
20%
1950BrésilUruguay
20%

Distribution des résultats

Percentile par nombre de réponses

% des personnes avec chaque résultat

Votre développement - résultats

Vous n’avez pas pris ce quiz depuis la dernière actualisation